000 00437nas a2200181 a 4500
001 70405
003 144379
005 20201118110813.0
008 ||||||n9999 ||| || ||
041 _aspa
245 0 _aDireccion ejecutiva - Vol.18 No.211
260 _aBogotá :
_bLegis,
_c1986.
562 _e1
650 _aAUDITORÍA ADMINISTRATIVA
650 _aGERENTE
773 _021506
_aDireccion ejecutiva :
942 _cSISS
999 _c70405
_d70405